000 00331nam a2200145Ia 4500
005 20251222153542.0
008 251222s9999||||xx |||||||||||||| ||spa||
020 _a8476981635
082 _a346.46/A36
100 _aAlbaladejo, Manuel
245 0 _aDerecho Civil I:
250 _a11a. ed.
264 _bJMB, S.A.
942 _cLIB
999 _c30517
_d30517